[Event "XLII San Sebastian Open 2019"]
[Site "San Sebastian"]
[Date "2019.04.16"]
[Round "5.10"]
[White "Alfaro Garcia del Cerro, Juan L"]
[Black "Martinez De Soria Gordon, Jose Manuel"]
[Result "1-0"]
[WhiteElo "2151"]
[BlackElo "1877"]
[Annotator "NA"]
[PlyCount "81"]
[EventDate "2019.04.13"]
[EventType "swiss"]
[EventCountry "ESP"]
[SourceTitle "playchess.com"]
[Source "ChessBase"]
[SourceQuality "1"]
[TimeControl "5400+30"]

1. d4 {[%emt 0:00:00]} Nf6 {[%emt 0:15:31]} 2. c4 {[%emt 0:00:00]} e6 {[%emt 0:00:21]} 3. g3 {[%emt 0:00:06]} Bb4+ {[%emt 0:00:16]} 4. Bd2 {[%emt 0:00:06]} Qe7 {[%emt 0:00:06]} 5. Bg2 {[%emt 0:00:06]} O-O {[%emt 0:01:05]} 6. Nf3 {[%emt 0:00:39]} Nc6 {[%emt 0:01:08]} 7. Nc3 {[%emt 0:01:45]} d6 {[%emt 0:00:29]} 8. O-O {[%emt 0:01:50]} Bxc3 {[%emt 0:00:57]} 9. Bxc3 {[%emt 0:00:31]} Ne4 {[%emt 0:01:34]} 10. Qc2 {[%emt 0:00:44]} Nxc3 {[%emt 0:01:01]} 11. Qxc3 {[%emt 0:00:05]} Bd7 {[%emt 0:02:49]} 12. b4 {[%emt 0:03:44]} a6 {[%emt 0:06:30]} 13. a4 {[%emt 0:07:21]} Rfb8 {[%emt 0:04:39]} 14. b5 {[%emt 0:04:18]} Nd8 {[%emt 0:00:18]} 15. Qb4 {[%emt 0:03:15]} c5 {[%emt 0:10:13]} 16. dxc5 {[%emt 0:00:20]} dxc5 {[%emt 0:00:01]} 17. Qc3 {[%emt 0:00:48]} f6 {[%emt 0:01:51]} 18. Bh3 {[%emt 0:10:56]} b6 {[%emt 0:04:05]} 19. Rfd1 {[%emt 0:01:23]} Rb7 {[%emt 0:03:25]} 20. Bg2 {[%emt 0:03:56]} Rbb8 {[%emt 0:01:06]} 21. Bh3 {[%emt 0:02:35]} Rb7 {[%emt 0:00:58]} 22. Rd2 {[%emt 0:01:38]} e5 {[%emt 0:00:50]} 23. Bxd7 {[%emt 0:00:28]} Rxd7 {[%emt 0:00:10]} 24. Rad1 {[%emt 0:00:04]} Rxd2 {[%emt 0:00:34]} 25. Qxd2 {[%emt 0:00:25]} Ne6 {[%emt 0:03:02]} 26. Qd6 {[%emt 0:00:36]} Kf7 {[%emt 0:06:21]} 27. Qxb6 {[%emt 0:02:07]} axb5 {[%emt 0:00:11]} 28. Qc6 {[%emt 0:03:46]} Rd8 {[%emt 0:01:31]} 29. Rxd8 {[%emt 0:00:09]} Qxd8 {[%emt 0:00:00]} 30. axb5 {[%emt 0:00:27]} Qd1+ {[%emt 0:00:41]} 31. Kg2 {[%emt 0:00:06]} Qxe2 {[%emt 0:00:06]} 32. Qd7+ {[%emt 0:00:10]} Kg6 {[%emt 0:00:58]} 33. Qxe6 {[%emt 0:00:09]} e4 {[%emt 0:01:01]} 34. Ne5+ {[%emt 0:00:23]} Kh6 {[%emt 0:00:26]} 35. Qh3+ {[%emt 0:00:56]} Kg5 {[%emt 0:00:16]} 36. Qh4+ {[%emt 0:00:13]} Kf5 {[%emt 0:00:05]} 37. Qf4+ {[%emt 0:00:23]} Ke6 {[%emt 0:00:14]} 38. Qg4+ {[%emt 0:00:09]} Qxg4 {[%emt 0:00:13]} 39. Nxg4 {[%emt 0:00:04]} f5 {[%emt 0:00:51]} 40. Ne3 {[%emt 0:00:08]} g5 {[%emt 0:00:12]} 41. Kf1 {[%emt 0:00:17]} 1-0

[Event "XLII San Sebastian Open 2019"]
[Site "San Sebastian"]
[Date "2019.04.16"]
[Round "5.11"]
[White "Iturralde Echeverria, Ivan"]
[Black "Alcazar Jimenez, Victor"]
[Result "0-1"]
[WhiteElo "1957"]
[BlackElo "2363"]
[Annotator "NA RC"]
[PlyCount "60"]
[EventDate "2019.04.13"]
[EventType "swiss"]
[EventCountry "ESP"]
[SourceTitle "playchess.com"]
[Source "ChessBase"]
[SourceQuality "1"]
[TimeControl "5400+30"]

1. c4 {[%emt 0:00:00]} Nf6 {[%emt 0:03:18]} 2. Nc3 {[%emt 0:00:00]} c5 {[%emt 0:00:55]} 3. g3 {[%emt 0:00:06]} g6 {[%emt 0:00:34]} 4. Bg2 {[%emt 0:00:07]} Nc6 {[%emt 0:00:22]} 5. Nf3 {[%emt 0:00:14]} Bg7 {[%emt 0:04:26]} 6. O-O {[%emt 0:00:29]} O-O {[%emt 0:00:59]} 7. d4 {[%emt 0:00:44]} cxd4 {[%emt 0:00:03]} 8. Nxd4 {[%emt 0:00:15]} a6 {[%emt 0:00:10]} 9. b3 {[%emt 0:08:20]} Nxd4 {[%emt 0:21:31]} 10. Qxd4 {[%emt 0:00:20]} d5 {[%emt 0:00:02]} 11. Bb2 {[%emt 0:08:23]} Ne4 {[%emt 0:20:02]} 12. Qd3 {[%emt 0:09:00]} Nxc3 {[%emt 0:02:16]} 13. Bxc3 {[%emt 0:00:06]} Bf5 {[%emt 0:00:12]} 14. Qd2 {[%emt 0:04:07]} d4 {[%emt 0:00:06]} 15. Ba5 {[%emt 0:05:23]} Qd7 {[%emt 0:00:48]} 16. Rad1 {[%emt 0:00:50]} e5 {[%emt 0:01:39]} 17. Bd5 {[%emt 0:07:43]} h5 {[%emt 0:02:43]} 18. Qb4 {[%emt 0:06:21]} Rab8 {[%emt 0:01:30]} 19. Bb6 {[%emt 0:03:13]} Rfe8 {[%emt 0:06:31]} 20. e3 {[%emt 0:02:00]} Bh3 {[%emt 0:10:40]} 21. Rfe1 {[%emt 0:03:43]} e4 {[%emt 0:00:12]} 22. exd4 {[%emt 0:01:25]} Bg4 {[%emt 0:00:37]} 23. Qd2 {[%emt 0:12:00]} Bf3 {[%emt 0:02:22]} 24. Re3 {[%emt 0:01:13]} Bh6 {[%emt 0:02:04]} 25. Rxf3 {[%emt 0:02:59]} Bxd2 {[%emt 0:00:03]} 26. Rxf7 {[%emt 0:00:55]} Qxd5 {[%emt 0:00:02]} 27. cxd5 {[%emt 0:00:45]} e3 {[%emt 0:00:02]} 28. fxe3 {[%emt 0:01:47]} Bxe3+ {[%emt 0:00:02]} 29. Rf2 {[%emt 0:00:10]} Rf8 {[%emt 0:00:10]} 30. Rdf1 {[%emt 0:00:05]} Rxf2 {[%emt 0:00:13]} 0-1

[Event "XLII San Sebastian Open 2019"]
[Site "San Sebastian"]
[Date "2019.04.16"]
[Round "5.12"]
[White "Berdote Alonso, Carlos"]
[Black "Randazzo, Adrian"]
[Result "0-1"]
[WhiteElo "1879"]
[BlackElo "2248"]
[Annotator "NA"]
[PlyCount "60"]
[EventDate "2019.04.13"]
[EventType "swiss"]
[EventCountry "ESP"]
[SourceTitle "playchess.com"]
[Source "ChessBase"]
[SourceQuality "1"]
[TimeControl "5400+30"]

1. d4 {[%emt 0:00:00]} d5 {[%emt 0:00:00]} 2. c4 {[%emt 0:00:24]} e6 {[%emt 0:00:15]} 3. Nf3 {[%emt 0:00:20]} Nf6 {[%emt 0:01:07]} 4. Nc3 {[%emt 0:02:29]} c6 {[%emt 0:04:45]} 5. e3 {[%emt 0:03:13]} Bd6 {[%emt 0:00:50]} 6. Bd3 {[%emt 0:04:20]} dxc4 {[%emt 0:00:14]} 7. Bxc4 {[%emt 0:00:36]} b5 {[%emt 0:01:39]} 8. Bd3 {[%emt 0:03:33]} Nbd7 {[%emt 0:01:31]} 9. O-O {[%emt 0:09:24]} O-O {[%emt 0:01:08]} 10. Qc2 {[%emt 0:20:38]} Bb7 {[%emt 0:02:39]} 11. Rd1 {[%emt 0:05:22]} Qe7 {[%emt 0:01:55]} 12. Bd2 {[%emt 0:13:51]} a6 {[%emt 0:01:59]} 13. Rac1 {[%emt 0:04:34]} Rac8 {[%emt 0:03:11]} 14. Qb1 {[%emt 0:00:33]} h6 {[%emt 0:01:53]} 15. a3 {[%emt 0:06:18]} c5 {[%emt 0:01:21]} 16. e4 {[%emt 0:03:54]} cxd4 {[%emt 0:02:20]} 17. Nxd4 {[%emt 0:00:33]} Ng4 {[%emt 0:23:45]} 18. h3 {[%emt 0:07:20]} Bh2+ {[%emt 0:10:07]} 19. Kf1 {[%emt 0:00:46]} Nxf2 {[%emt 0:01:49]} 20. Kxf2 {[%emt 0:02:27]} Qh4+ {[%emt 0:00:10]} 21. Kf1 {[%emt 0:02:50]} f5 {[%emt 0:02:15]} 22. Nf3 {[%emt 0:03:06]} fxe4 {[%emt 0:00:32]} 23. Bxe4 {[%emt 0:00:31]} Rxf3+ {[%emt 0:04:04]} 24. Bxf3 {[%emt 0:01:07]} Bxf3 {[%emt 0:00:21]} 25. gxf3 {[%emt 0:02:27]} Qxh3+ {[%emt 0:00:24]} 26. Ke2 {[%emt 0:01:04]} Qg2+ {[%emt 0:00:46]} 27. Ke3 {[%emt 0:00:57]} Bf4+ {[%emt 0:02:25]} 28. Kxf4 {[%emt 0:00:33]} Rf8+ {[%emt 0:00:04]} 29. Ke4 {[%emt 0:00:38]} Qxf3+ {[%emt 0:00:05]} 30. Kd4 {[%emt 0:00:10]} e5# 0-1

[Event "XLII San Sebastian Open 2019"]
[Site "San Sebastian"]
[Date "2019.04.17"]
[Round "6.1"]
[White "Vazquez Igarza, Renier"]
[Black "Alshameary Puente, Ismael"]
[Result "1/2-1/2"]
[WhiteElo "2548"]
[BlackElo "2425"]
[Annotator "TA"]
[PlyCount "61"]
[EventDate "2019.04.13"]
[EventType "swiss"]
[EventCountry "ESP"]
[SourceTitle "playchess.com"]
[Source "ChessBase"]
[SourceQuality "1"]

{[%evp 16,61,26,27,29,0,41,40,41,25,56,29,62,63,55,43,50,46,64,42,54,52,55,41,52,43,51,47,57,27,97,77,73,37,37,8,8,8,8,8,9,0,1,1,6,0,0,0]} 1. Nf3 Nf6 2. c4 g6 3. Nc3 d5 4. cxd5 Nxd5 5. e4 Nxc3 6. dxc3 Qxd1+ 7. Kxd1 f6 8. Be3 e5 9. Nd2 Nd7 {A16: English Opening: 1...Nf6 with ...d5} 10. Kc2 b6 $146 ({Predecessor:} 10... a5 11. a4 Bc5 12. Nc4 Ke7 13. f3 Bxe3 14. Nxe3 Nb6 15. Nc4 Nxc4 16. Bxc4 h5 {½-½ (26) Lenic,L (2651)-Volokitin,A (2678) Austria 2014}) 11. Bb5 Bb7 {White is slightly better.} 12. b4 Be7 13. f3 O-O-O 14. Bc4 Kb8 15. Rhe1 h5 16. a4 a6 17. Bf7 f5 18. Bxg6 f4 19. Bg1 $1 Rhg8 20. Bf5 Rxg2 {[#] Hoping for ...Nf8.} 21. Bh3 Rgg8 22. Bf2 a5 (22... Nf8 $11 {remains equal.}) 23. bxa5 Ba6 24. Rg1 {[#] Black must now prevent Rxg8.} Nc5 25. Rxg8 (25. Bxc5 $5 Bxc5 26. Rxg8 Rxg8 27. Kb3 $14) 25... Bd3+ {The position is equal.} 26. Kb2 Rxg8 27. axb6 cxb6 28. a5 {[%cal Ba4a5,Ba5a6,Ba6a7][%mdl 32]} b5 29. a6 {Strongly threatening a7+.} Rd8 30. a7+ Ka8 31. Rg1 {Accuracy: White = 48%, Black = 43%.} 1/2-1/2

[Event "XLII San Sebastian Open 2019"]
[Site "San Sebastian"]
[Date "2019.04.17"]
[Round "6.2"]
[White "Russell, Christopher"]
[Black "Harutjunyan, Gevorg"]
[Result "1/2-1/2"]
[WhiteElo "2178"]
[BlackElo "2440"]
[Annotator "TA"]
[PlyCount "135"]
[EventDate "2019.04.13"]
[EventType "swiss"]
[EventCountry "ESP"]
[SourceTitle "playchess.com"]
[Source "ChessBase"]
[SourceQuality "1"]

{[%evp 12,135,22,1,22,33,31,30,27,0,0,0,0,0,0,0,-19,-10,0,-15,-8,-52,-26,-40,-24,-54,-50,-126,-93,-83,-39,-51,-32,-61,-61,-64,-48,-69,-13,-13,-13,-14,-12,-14,51,51,29,23,187,179,158,82,93,25,20,18,17,24,18,2,0,0,0,0,0,0,0,0,0,0,0,0,0,0,0,0,0,0,161,0,0,0,0,-27,0,0,0,0,0,0,0,0,0,0,0,0,0,0,0,0,0,0,0,0,0,0,0,0,0,0,0,0,0,0,0,0,0,0,0,0,0,0,0,0,0,0]} 1. e4 c6 2. d4 d5 3. Nc3 dxe4 4. Nxe4 Bf5 5. Ng3 Bg6 6. Nh3 Nf6 7. Nf4 Nbd7 {B18: Classical Caro-Kann: 4...Bf5 sidelines} 8. Bc4 e5 9. Nxg6 hxg6 {White has an edge.} 10. dxe5 Qa5+ 11. Bd2 Qxe5+ 12. Qe2 Bc5 13. Bc3 $146 ({Predecessor:} 13. O-O Qxe2 14. Bxe2 {½-½ (14) Stevic,H (2512)-Ruck,R (2572) Bled 2002}) 13... Qxe2+ 14. Bxe2 Rh4 15. a3 O-O-O 16. b4 Bb6 17. O-O Nd5 18. Bd2 {next Bg5 is good for White.} Nf4 19. Rad1 (19. Rae1 $15) 19... Nxe2+ $17 20. Nxe2 {With the idea Bg5.} Ne5 21. Bf4 Re8 22. Bg3 Re4 23. Nc3 Rc4 24. Na4 Bc7 ({Don't go for} 24... Rxc2 $2 25. Nxb6+ axb6 26. Rde1 $18) ({Better is} 24... Nd7 $1 $15) 25. Rfe1 $11 {aiming for f4.} g5 $1 26. Rc1 $1 {White wants to play c3.} f5 27. f3 {c3 is the strong threat.} f4 (27... Rd4 $11) 28. Bf2 $14 {Strongly threatening c3.} b5 29. Nc5 Re7 $2 (29... a5 $1 $11) 30. c3 $18 Bb6 31. Bd4 (31. Kf1 $142) 31... Ng6 $16 32. Rxe7 (32. Kf1 $16) 32... Nxe7 $11 33. Re1 Bxc5 34. Bxc5 {[%mdl 4096] Endgame KRB-KRN} Nd5 35. Re8+ Kd7 36. Ra8 Rxc3 37. Rxa7+ Ke6 38. Rxg7 Kf5 39. Rf7+ Kg6 40. Rd7 Rxa3 41. Rd6+ Kf5 42. Rxc6 Rb3 43. Rd6 Ke5 44. Rg6 Nxb4 $2 (44... Rb1+ $11 {and Black has nothing to worry.} 45. Kf2 Rb2+ 46. Kf1 Ne3+ 47. Bxe3 fxe3) 45. Bxb4 $2 {KRB-KR} (45. Rxg5+ $18 Ke6 46. h4) 45... Kf5 46. Rb6 Rxb4 {KR-KR} 47. h4 gxh4 48. Kh2 {The position is equal.} Rb1 49. Rb8 b4 {And now ...b3 would win.} 50. Rb5+ Ke6 {Hoping for ...b3.} 51. Kh3 Kd6 52. Kxh4 Kc6 53. Rb8 Kc5 54. Kg4 Rg1 55. Kxf4 Rxg2 56. Kf5 $1 Kc4 57. f4 b3 58. Kf6 b2 59. f5 Kc3 60. Ke7 Re2+ 61. Kf7 Re4 {[#] Threatens to win with ...Rb4.} (61... Kd4 {with more complications.} 62. f6 Ke5 63. Ke7 Kd5+ 64. Kd7 Rf2) 62. Rxb2 $1 {[%mdl 512]} Kxb2 {KR-KP} 63. f6 Kc3 64. Kg7 Rg4+ 65. Kh7 $1 Kd4 66. f7 Rf4 67. Kg7 {[#]} Rxf7+ $1 {[%mdl 512]} 68. Kxf7 {Accuracy: White = 58%, Black = 62%.} 1/2-1/2

[Event "XLII San Sebastian Open 2019"]
[Site "San Sebastian"]
[Date "2019.04.17"]
[Round "6.3"]
[White "Del Rio De Angelis, Salvador G."]
[Black "Alfaro Garcia del Cerro, Juan L"]
[Result "1-0"]
[WhiteElo "2457"]
[BlackElo "2151"]
[Annotator "RC"]
[PlyCount "81"]
[EventDate "2019.04.13"]
[EventType "swiss"]
[EventCountry "ESP"]
[SourceTitle "playchess.com"]
[Source "ChessBase"]
[SourceQuality "1"]
[TimeControl "5400+30"]

1. d4 {[%emt 0:00:00]} Nf6 {[%emt 0:00:00]} 2. c4 {[%emt 0:00:00]} g6 {[%emt 0:00:00]} 3. Nc3 {[%emt 0:00:00]} d5 {[%emt 0:00:00]} 4. cxd5 {[%emt 0:00:16]} Nxd5 {[%emt 0:00:00]} 5. e4 {[%emt 0:00:08]} Nxc3 {[%emt 0:00:12]} 6. bxc3 {[%emt 0:00:13]} Bg7 {[%emt 0:00:04]} 7. Bc4 {[%emt 0:00:07]} c5 {[%emt 0:00:15]} 8. Ne2 {[%emt 0:00:13]} Nc6 {[%emt 0:00:09]} 9. d5 {[%emt 0:00:08]} Na5 {[%emt 0:07:17]} 10. Bd3 {[%emt 0:00:19]} e6 {[%emt 0:01:48]} 11. Bb5+ {[%emt 0:04:00]} Bd7 {[%emt 0:02:06]} 12. Qa4 {[%emt 0:00:08]} b6 {[%emt 0:01:18]} 13. dxe6 {[%emt 0:00:36]} fxe6 {[%emt 0:00:39]} 14. Bh6 {[%emt 0:00:15]} Bxh6 {[%emt 0:02:56]} 15. Rd1 {[%emt 0:00:10]} O-O {[%emt 0:01:22]} 16. Bxd7 {[%emt 0:00:08]} Qe7 {[%emt 0:01:22]} 17. O-O {[%emt 0:00:28]} Rad8 {[%emt 0:03:23]} 18. f4 {[%emt 0:00:48]} Nc4 {[%emt 0:02:06]} 19. Qxc4 {[%emt 0:05:12]} Rxd7 {[%emt 0:01:41]} 20. e5 {[%emt 0:04:30]} Rfd8 {[%emt 0:08:05]} 21. Rde1 {[%emt 0:00:26]} Qf7 {[%emt 0:07:37]} 22. Ng3 {[%emt 0:02:09]} Rd5 {[%emt 0:04:02]} 23. Ne4 {[%emt 0:03:45]} Bg7 {[%emt 0:01:15]} 24. Nd6 {[%emt 0:06:50]} Qd7 {[%emt 0:00:57]} 25. h4 {[%emt 0:04:54]} Bf8 {[%emt 0:02:17]} 26. Ne4 {[%emt 0:02:54]} Be7 {[%emt 0:00:28]} 27. h5 {[%emt 0:01:25]} Rd3 {[%emt 0:04:28]} 28. Nd6 {[%emt 0:02:33]} Rd2 {[%emt 0:02:46]} 29. hxg6 {[%emt 0:00:25]} Bxd6 {[%emt 0:11:01]} 30. exd6 {[%emt 0:05:10]} hxg6 {[%emt 0:01:09]} 31. f5 {[%emt 0:05:27]} b5 {[%emt 0:03:06]} 32. Qg4 {[%emt 0:01:45]} exf5 {[%emt 0:00:22]} 33. Qxg6+ {[%emt 0:00:09]} Qg7 {[%emt 0:00:17]} 34. Qe6+ {[%emt 0:04:51]} Kh8 {[%emt 0:01:14]} 35. Rf2 {[%emt 0:00:19]} R2xd6 {[%emt 0:03:54]} 36. Qxf5 {[%emt 0:00:07]} Qxc3 {[%emt 0:03:01]} 37. Qh5+ {[%emt 0:01:28]} Kg8 {[%emt 0:00:34]} 38. Re8+ {[%emt 0:01:33]} Rxe8 {[%emt 0:03:12]} 39. Qxe8+ {[%emt 0:00:06]} Kh7 {[%emt 0:00:32]} 40. Qe7+ {[%emt 0:00:12]} Qg7 {[%emt 0:00:21]} 41. Qxd6 {[%emt 0:00:10]} 1-0

[Event "XLII San Sebastian Open 2019"]
[Site "San Sebastian"]
[Date "2019.04.17"]
[Round "6.4"]
[White "Safranska, Anda"]
[Black "Perez Gonzalez, Jose Manuel"]
[Result "1-0"]
[WhiteElo "2167"]
[BlackElo "2231"]
[Annotator "TA"]
[PlyCount "115"]
[EventDate "2019.04.13"]
[EventType "swiss"]
[EventCountry "ESP"]
[SourceTitle "playchess.com"]
[Source "ChessBase"]
[SourceQuality "1"]

{[%evp 16,115,-7,0,26,22,37,31,54,47,58,24,66,71,82,68,93,89,85,82,92,85,94,89,83,79,92,75,75,74,75,70,70,72,77,63,63,63,76,64,91,91,91,91,95,90,104,91,103,90,85,78,116,115,114,115,113,97,114,127,110,107,91,97,212,202,196,189,205,219,318,356,347,297,405,405,405,403,393,377,429,426,401,414,674,656,734,599,660,0,714,706,5435,5327,5327,5323,29988,29989,29989,29990,29990,29991]} 1. e4 c5 2. Nf3 g6 3. g3 Bg7 4. Bg2 Nf6 5. d3 Nc6 6. O-O d5 7. Nbd2 O-O 8. Re1 dxe4 9. dxe4 Bg4 {A08: King's Indian Attack} (9... h6 10. c3 Be6 11. Qe2 Qb6 12. Bf1 Rad8 13. Nb3 Na5 14. Nfd2 Nxb3 15. axb3 Ng4 16. Nc4 Bxc4 17. bxc4 Ne5 18. Be3 a6 19. Red1 {1-0 (37) Petrosian,T (2606)-Villanueva,M (2466) chess.com INT 2018}) 10. h3 Bxf3 11. Qxf3 Nd7 {White is slightly better.} 12. Qe2 Nd4 13. Qd1 $1 e5 $146 ({Predecessor:} 13... Nb6 14. a4 a5 15. c3 Nc6 16. Qe2 Qc7 {½-½ (16) Duenhaupt,H-Estrin,Y ICCF corr 1975}) 14. c3 Ne6 15. a4 Qc7 16. Nc4 Rfd8 17. Qb3 Nb6 18. Bf1 Nxc4 19. Bxc4 Rd6 20. Be3 Rad8 21. Rad1 b6 22. Rxd6 Rxd6 23. Rd1 Bf8 24. h4 h5 25. Kf1 Rxd1+ 26. Qxd1 Nd8 27. b3 (27. a5 {seems wilder.} bxa5 28. Qa4 Nc6 29. Kg2 Kg7 30. Bd5) 27... Qd6 28. Qxd6 Bxd6 $16 {[%mdl 4096] Endgame KBB-KBN} 29. Bd5 Kf8 30. Ke2 Ke7 31. Kd3 Ne6 32. Kc4 Nc7 33. Bc6 a5 34. Bh6 f6 35. Bd5 Ke8 36. Bg7 Be7 {[#]} 37. Bg8 $1 Bd8 38. f4 exf4 39. gxf4 f5 (39... g5 $16 {was necessary.}) 40. exf5 $18 gxf5 41. Be5 Kd7 42. Bh7 Bxh4 (42... Ke6 $142 43. Bg6 Nd5 44. Bxh5 Ne3+ 45. Kb5 Bxh4) 43. Bxf5+ Kc6 44. Bg6 Bg3 45. Bxh5 Bh2 46. Bf3+ Kd7 47. Kd3 b5 48. axb5 Nxb5 49. Kc4 Na3+ (49... Nc7 $142 50. Kxc5 Bg1+ 51. Kc4 Bh2 52. Bg4+ Kc6) 50. Kxc5 Nb1 51. Bg4+ Ke8 52. Bf3 Kd7 $1 53. Bd5 Nxc3 54. Bxc3 Bxf4 55. Bxa5 Kc8 56. Kc6 {White mates.} Kb8 57. b4 {[%cal Bb3b4,Bb4b5][%mdl 32]} Be5 58. b5 {Accuracy: White = 78%, Black = 48%.} 1-0

[Event "XLII San Sebastian Open 2019"]
[Site "San Sebastian"]
[Date "2019.04.17"]
[Round "6.5"]
[White "Sanchez Arevalo, Luis"]
[Black "Pulvett Marin, Daniel Eduardo"]
[Result "0-1"]
[WhiteElo "2020"]
[BlackElo "2468"]
[Annotator "RC"]
[PlyCount "61"]
[EventDate "2019.04.13"]
[EventType "swiss"]
[EventCountry "ESP"]
[SourceTitle "playchess.com"]
[Source "ChessBase"]
[SourceQuality "1"]
[TimeControl "5400+30"]

1. d4 Nf6 2. Nf3 g6 3. Bg5 Bg7 4. c3 O-O 5. Nbd2 d6 6. e4 c5 7. dxc5 dxc5 8. Bc4 Nc6 9. O-O Qc7 10. Qc2 Nh5 11. Rfe1 h6 12. Be3 Na5 13. Bf1 Be6 14. Nb3 Nxb3 15. axb3 Bg4 16. Nd2 a6 17. Be2 Nf6 18. Bxg4 Nxg4 19. Nf1 e6 20. h3 Nf6 21. Qc1 Kh7 22. Bf4 Qc6 23. Qc2 Rad8 24. Rad1 Rxd1 25. Qxd1 Nxe4 26. Qf3 f5 27. Nd2 Qd5 28. Nxe4 fxe4 29. Qxe4 Qxb3 30. Re2 Rxf4 31. Re3 0-1

[Event "XLII San Sebastian Open 2019"]
[Site "San Sebastian"]
[Date "2019.04.17"]
[Round "6.6"]
[White "Troffiguer, Olivier"]
[Black "Cifuentes Parada, Roberto"]
[Result "0-1"]
[WhiteElo "2081"]
[BlackElo "2445"]
[Annotator "TA"]
[PlyCount "120"]
[EventDate "2019.04.13"]
[EventType "swiss"]
[EventCountry "ESP"]
[SourceTitle "playchess.com"]
[Source "ChessBase"]
[SourceQuality "1"]

{[%evp 9,120,0,0,-8,0,-10,6,5,8,-10,-12,0,-4,-59,-56,-53,-58,-64,-68,-72,-62,-59,-33,-42,-47,-52,-45,-45,-25,-24,-8,-27,-18,-95,-35,-23,-22,-18,-22,-27,-22,-16,-4,-83,-4,-31,-42,-74,-77,-85,-101,-97,-48,-67,-45,-111,-127,-116,-112,-160,-149,-161,-139,-170,-102,-122,-89,-135,-126,-129,-66,-131,-125,-127,-133,-106,-119,-118,-108,-145,-155,-170,-170,-173,-174,-163,-91,-94,-113,-84,-103,-88,-118,-87,-99,-89,-102,-116,-106,-167,-162,-260,-123,-143,-200,-1013,-1003,-964,-938,-12797,-6166,-29983,-29984]} 1. d4 d5 2. Bf4 c5 3. e3 Nf6 4. Nd2 e6 5. c3 Bd6 6. Bxd6 {D00: 1 d4 d5: Unusual lines} (6. Bb5+ Nc6 7. Bg3 Bxg3 8. hxg3 Qd6 9. g4 e5 10. dxe5 Qxe5 11. Ngf3 Qe7 12. g5 Ne4 13. Bxc6+ bxc6 {0-1 (31) Naiditsch,A (2705)-Inarkiev,E (2689) Riadh 2017}) 6... Qxd6 7. f4 cxd4 8. cxd4 {The position is equal.} O-O 9. Bd3 b6 10. Ngf3 Ba6 11. Qe2 (11. Bxa6 $11 Nxa6 12. Qa4) 11... Bxd3 $15 12. Qxd3 Nc6 13. a3 $146 ({Predecessor:} 13. Ne5 Nb4 {0-1 (36) Rial,A (1625)-Rios Filho,H (2176) Rio de Janeiro 2016}) 13... Rac8 14. O-O Rc7 15. Rac1 Rfc8 16. Rc3 g6 17. Rfc1 Ne7 18. Ne5 Kg7 19. g4 h6 20. Kg2 Ne8 21. h4 (21. Qb5 $11) 21... Qd8 (21... h5 $17 22. gxh5 Rxc3 23. Rxc3 Rxc3 24. Qxc3 gxh5) 22. Nf1 $1 f6 {...Rxc3 is the strong threat.} 23. Nf3 $1 Nd6 24. Ng3 Rxc3 25. Rxc3 Nc4 26. b3 (26. Qe2 $11 {remains equal.}) 26... Nd6 (26... Nxa3 $17 27. Ne2 Qd7) 27. Rxc8 Qxc8 28. h5 g5 $1 29. fxg5 hxg5 30. a4 a5 31. Kf2 Qc6 32. Nd2 (32. Kg2 $15) 32... f5 $17 33. gxf5 exf5 34. h6+ Kxh6 35. Qe2 {Qh5+ would now be nice for White.} g4 36. Qd1 Kg5 ({Black should try} 36... Kg7 $19 37. Ne2 Qc7) 37. Qh1 Qe8 38. Qh7 Qf7 39. Qh8 Ng6 (39... Ne8 $1 $17 40. Nb1 Nf6) 40. Qh5+ (40. Qd8+ $1 $15 Qf6 41. Qg8) 40... Kf6 41. Qh6 Ke7 42. Nh5 Kd7 43. Ke2 Kc7 44. Qg5 Nf8 45. Nf4 Ne6 $1 {[%cal Re6g5]} 46. Nxd5+ Kc6 47. Qf6 {[#] Hoping for Qxf7.} Kxd5 (47... Nxd4+ $1 $19 {[%mdl 512]} 48. exd4 Kxd5 49. Qe5+ Kc6) 48. Qe5+ Kc6 49. d5+ Kd7 50. dxe6+ Qxe6 51. Qg7+ Kc6 52. Qc3+ Kb7 53. Qg7+ Ka6 54. Qh8 (54. Qd4 $17) 54... Qd5 $19 {[#]} 55. Qg7 {[#]} (55. Nc4 $142 $1 {[%mdl 512]}) 55... b5 (55... g3 $1 $19 {[%mdl 512] is more deadly.} 56. Qf8 (56. Qxg3 Qxd2+) 56... g2) 56. Qd7 g3 (56... bxa4 $17 57. bxa4 g3) 57. axb5+ $2 (57. Ke1 bxa4 58. bxa4) 57... Qxb5+ 58. Qxb5+ Kxb5 59. Kf3 Kb4 60. Kxg3 Ne4+ {Accuracy: White = 39%, Black = 44%.} 0-1